000
00279nam a22001337a 4500
008
171222b xxu||||| |||| 00| 0 eng d
020
_a
9780691025254
041
_a
eng
080
_a
51
100
_a
38
101
_a
MAT
245
_a
FLATLAND
_c
BANCHOFF,TH
942
_2
udc
_c
BK
999
_c
39345
_d
39345